00615nam a22002057a 450000500170000001000130001702000100003003500130004003700160005304000120006908200130008110000230009424500790011726000410019627000590023730000230029650000510031965000240037065000150039420170124110002.0 aA-019678 c00.00 aA-019678 bCen Lib/Ret aDPLbEN a364bKRI aKrishna Iyer, V.R. aPerspectives in criminolgy, law and social change /cby V.R. Krishna Iyer  aNew Delhi bAllied Publishers c1980 bNew Delhi a13/14, asaf ali road, dariya ganj e110002 av, 185p.c21cm(Hb) aIncludes bibliographical references and index  aIndian criminology  aSocialist